Pittsburgh Steelers: Top 10 All-Time Leaders - Statistics

General Stats
  • This quiz has been taken 77 times
  • The average score is 25 of 61
Answer Stats
Category # Player Amount % Correct
Passing Yards 1 Ben Roethlisberger 64,088
97%
Receiving Yards 2 Antonio Brown 11,207
93%
Passing Yards 2 Terry Bradshaw 27,989
93%
Rushing Yards 1 Franco Harris 11,950
92%
Rushing Yards 6 Najee Harris 4,312
88%
Sacks 1 T.J. Watt 108.0
88%
Receiving Yards 1 Hines Ward 12,083
87%
Rushing Yards 2 Jerome Bettis 10,571
85%
Tackles 7 Troy Polamalu 583
82%
Interceptions T7 Troy Polamalu 32
82%
Sacks 5 Joe Greene 77.5
78%
Sacks 2 Cameron Heyward 88.5
77%
Tackles 8 James Harrison 564
73%
Sacks 3 James Harrison 80.5
73%
Rushing Yards 4 Le'Veon Bell 5,336
72%
Receiving Yards 6 Lynn Swann 5,462
72%
Receiving Yards 3 John Stallworth 8,723
62%
Interceptions T7 Jack Ham 32
60%
Interceptions 10 Jack Lambert 28
58%
Passing Yards 3 Kordell Stewart 13,328
58%
Interceptions 1 Mel Blount 57
55%
Tackles 5 Rod Woodson 644
52%
Interceptions 4 Rod Woodson 38
52%
Receiving Yards 4 Heath Miller 6,569
50%
Receiving Yards 9 Diontae Johnson 4,363
48%
Rushing Yards 5 John Henry Johnson 4,381
48%
Rushing Yards 3 Willie Parker 5,378
48%
Passing Yards 4 Neil O'Donnell 12,867
42%
Passing Yards 9 Tommy Maddox 7,139
42%
Sacks 7 Joey Porter 60.0
38%
Tackles T10 Ryan Clark 448
37%
Tackles 9 Ike Taylor 518
33%
Sacks 10 Dwight White 55.0
30%
Passing Yards 6 Bobby Layne 9,030
25%
Tackles 1 James Farrior 740
25%
Sacks 4 L.C. Greenwood 78.0
25%
Receiving Yards 10 Plaxico Burress 4,206
25%
Passing Yards 5 Bubby Brister 10,104
23%
Receiving Yards 5 Louis Lipps 6,018
23%
Sacks 9 LaMarr Woodley 57.0
22%
Tackles 2 Lawrence Timmons 679
20%
Rushing Yards 9 Barry Foster 3,943
18%
Interceptions 3 Donnie Shell 51
18%
Tackles 4 Greg Lloyd 659
18%
Rushing Yards 10 Rocky Bleier 3,865
18%
Tackles 6 Levon Kirkland 639
15%
Passing Yards 8 Mark Malone 8,582
12%
Passing Yards 10 Mike Tomczak 6,649
12%
Tackles 3 Carnell Lake 677
8%
Interceptions 2 Jack Butler 52
8%
Sacks 6 Jason Gildon 77.0
7%
Receiving Yards 8 Buddy Dial 4,723
5%
Passing Yards 7 Jim Finks 8,622
5%
Sacks 8 Keith Willis 59.0
5%
Tackles T10 Darren Perry 448
3%
Interceptions T7 Darren Perry 32
3%
Rushing Yards 8 Dick Hoak 3,965
3%
Interceptions 5 Dwayne Woodruff 37
3%
Receiving Yards 7 Elbie Nickel 5,131
3%
Rushing Yards 7 Frank Pollard 3,989
3%
Interceptions 6 Mike Wagner 36
3%
No matching quizzes found
Score Distribution
Percent of People with Each Score
Percentile by Number Answered
Your Score History
You have not taken this quiz